Who composed it? - Statistics

General Stats
  • This quiz has been taken 10 times
  • The average score is 9 of 15
Answer Stats
Composition Composer % Correct
The Four Seasons Antonio Vivaldi
88%
Fur Elise Ludwig van Beethoven
88%
Ride of the Valkyries Richard Wagner
88%
Clair de Lune Claude Debussy
75%
Swan Lake Pyotr Ilyich Tchaikovsky
75%
Eine Kleine Nachtmusik Wolfgang Amadeus Mozart
75%
The Firebird Igor Stravinsky
63%
Danse Macabre Camille Saint-Saens
50%
Ave Maria Franz Schubert
50%
The Planets Gustav Holst
50%
Spartacus Aram Khachaturian
38%
The Christmas Oratorio Johann Sebastian Bach
38%
Scheherezade Nikolai Rimsky-Korsakov
38%
'The Year 1905' (Symphony no.11) Dmitri Shostakovich
25%
Rhapsody on a Theme of Paganini Sergei Rachmaninoff
25%
No matching quizzes found
Score Distribution
Percent of People with Each Score
Percentile by Number Answered
Your Score History
You have not taken this quiz